| 000 | 01245nam a22002297a 4500 | ||
|---|---|---|---|
| 999 |
_c2591 _d2591 |
||
| 003 | AR-CdUCM | ||
| 008 | 190305b ||||| |||| 00| 0 spa d | ||
| 020 | _a978-612-4048-68-5 | ||
| 040 |
_aMUNICIPALIDAD PROVINCIAL DEL CUSCO _cBIBLIOTECA MUNICIPAL DEL CUSCO |
||
| 082 |
_a346 / _bC582 |
||
| 100 |
_aCórdova Schaefer, Jesús _99150 |
||
| 245 |
_aJurisprudencia civil : _baspectos fundamentales del derecho civil, sentencias 2008-2011, plenos casatorios / |
||
| 260 |
_aLima : _bCaballero Bustamante, Tinco, _c2011. |
||
| 300 |
_a576 paginas ; _c25 cm. |
||
| 505 | _aPrimer pleno casatorio de la corte suprema : las polémicas transacciones extrajudiciales de la minera yanacocha en el caso "choropampa" -- Cuando el pleno va perdiendo plenitud comentarios al pleno casatorio civil N°2229-2008-Lambayeque -- Algunas cuestiones "periféricas" en el tercer pleno casatorio civil Reynaldo Mario Tantalean -- El uso de certificado policial como prueba de abandono injustificado del hogar -- Declaración judicial de unión de hecho... | ||
| 650 |
_aResolución contractual _99151 |
||
| 650 |
_aJurisprudencia civil _99152 |
||
| 650 |
_aRegistro civil _99153 |
||
| 650 |
_aReparación de daños _99154 |
||
| 942 |
_2ddc _cLIBROS |
||
| 945 | _awnts | ||